Integridad El aporte de organizaciones y empresas a la construccin̤ de paz /

Detalles Bibliográficos
Autor principal: Conforti, Franco
Formato: eBook
Lenguaje:español
Publicado: Madrid: Dykinson, 2018
Materias:
Acceso en línea:Acceso restringido

MARC

LEADER 00000nam a22000007a 4500
005 20180511213132.0
007 cr|||| |||
008 180511s2018 es |||||s|||| 00||0 spa d
020 |a 978-84-9148-572-8 
035 |a 21653 
040 |a vLex 
090 |c 7944  |d 7944 
100 1 |a Conforti, Franco 
245 1 0 |a Integridad  |h [Recurso electrn̤ico] :  |b El aporte de organizaciones y empresas a la construccin̤ de paz /  |c Franco Conforti 
256 |a Servicio en ln̕ea 
260 |a Madrid:  |b Dykinson,  |c 2018 
300 |a 1 recurso electrn̤ico 
506 1 |a Disponible solo en los productos indicados  |d vLex Global  |d vLex Global (Academic Edition, excluding Law Schools)  |d vLex Global (U.S. Academic Edition, Law Schools)  |d vLex Global (U.S. Academic Edition, excluding Law Schools)  |d vLex Global (Academic Edition, Law Schools) 
650 0 4 |a Derecho Mercantil y de la Empresa  |z Espaą 
740 0 |a vLex Libros (Servicio en ln̕ea) 
856 4 0 |u http://vlex.com/source/integridad-aporte-organizaciones-empresas-construccion-paz-21653  |z Acceso restringido 
942 |c BOOK 
999 0 |a Commercial and Company Law